000 00283nam a2200109 a 4500
008 101213s2007|||| d
245 1 0 _aStudia Bibliographica Posoniensia I/2007
260 _bUniverzitna knižnica
_aBratislava
_c2007
020 _c10
041 _aslo
044 _axo
_cSK
999 _c15162
_d15162